000 00929nam a2200277 a 4500
008
020 _a9780761970248 (paperback)
040 _aNUST
_cNUST
049 _aMAIN
090 _aHD45
_bHOW
100 1 _aHowells, John.,
_aauthor.
245 1 0 _aThe Management of Innovation and Technology:
_bthe shapping of technology and Institutions of the Market Economy /
_c John Howells.
260 _aLondon :
_bSage,
_c2005.
300 _avi, 290 pages :
_billustrations ;
_c25cm.
336 _atext
_btxt
_2rdacontent
337 _aunmediated
_bn
_2rdamedia
338 _avolume
_bnc
_2rdacarrier
500 _aIncludes index.
504 _aIncludes bibliographical references.
650 _aIntellectual Property Law.
650 1 _aTechnological Innovation.
907 _a.b10403553
_b10-06-21
_c03-06-21
003
005 20230123141202.0
942 _cBOOKS
_kHD45
_mHOW
999 _c169151
_d169151